Modern governments.

Saved in:
Bibliographic Details
Main Author: Zink, Harold
Format: Book
Language:English
Published: Princeton, N.J. : D. Van Nostrand Co., 1962.
Edition:2nd ed.
Series:Political science series
Subjects:
LEADER 00777nam a2200217 i 4500
001 c000372001
003 CARM
005 00000000000000.0
008 851211s1962 usuab 00000 eng d
019 1 |a 4186913  |z 28073316  |5 LACONCORD2021 
035 |a (OCoLC)1852389  |5 LACONCORD2021 
100 1 |a Zink, Harold. 
245 1 0 |a Modern governments. 
250 |a 2nd ed. 
260 |a Princeton, N.J. :  |b D. Van Nostrand Co.,  |c 1962. 
300 |a xv, 804p. :  |b illus., maps. 
490 0 |a Political science series 
650 0 |a Comparative government. 
852 8 |b CARM  |h A1:AM15E0  |i C10067  |p 0426337  |f BK 
999 f f |i 6fb359d9-5bf0-5988-ab3a-57d2a8d6880d  |s f74dcaf4-b2e9-5ba6-a210-60794e7615e5 
952 f f |p Can circulate  |a CAVAL  |b CAVAL  |c CAVAL  |d CARM 1 Store  |e C10067  |f A1:AM15E0  |h Other scheme  |i book  |m 0426337